| 000 | 00343nam a2200121Ia 4500 | ||
|---|---|---|---|
| 005 | 20260328104256.0 | ||
| 008 | 260328s9999||||xx |||||||||||||| ||und|| | ||
| 100 | _aBrown, Gerard | ||
| 245 | 4 |
_aThe elite Bicycle : _b portraits of great marques, makers and Designers / _cGerard Brown |
|
| 260 | _bVelo | ||
| 650 | _aESPACIO PUBLICO | ||
| 942 | _cBK | ||
| 999 |
_c10433 _d10433 |
||